Welcome to the Holygrace Academy Library

Please use search bar below to get started

WRITING SKILLS FOR JUNIORS (Record no. 4067)

MARC details
000 -LEADER
fixed length control field 00277nam a22001217a 4500
082 ## - DEWEY DECIMAL CLASSIFICATION NUMBER
Classification number 826
Item number SHA/W
100 ## - MAIN ENTRY--AUTHOR NAME
Personal name SHARMA,DEEPIKA
245 ## - TITLE STATEMENT
Title WRITING SKILLS FOR JUNIORS
260 ## - PUBLICATION, DISTRIBUTION, ETC. (IMPRINT)
Place of publication DELHI
Name of publisher TINY TOT PUBLICATIONS
300 ## - PHYSICAL DESCRIPTION
Number of Pages 160
650 ## - SUBJECT ADDED ENTRY--TOPICAL TERM
Topical Term WRITING SKILLS
Geographic subdivision DELHI
942 ## - ADDED ENTRY ELEMENTS (KOHA)
Koha item type Books
Holdings
Withdrawn status Lost status Collection code Home library Current library Shelving location Date acquired Source of acquisition Full call number Accession Number Koha item type
    Reference Main Library Main Library SHELF-16C -ENGLISH GRAMMAR SYNONYMS7ANTONYMS,LETTERS, ETC 02/10/2006 PURCHASE 826 SHA/W 00848 Books